00628nam a2200193Ia 4500008004100000020001400041082001600055100002500071245005800096250000800154260003600162300002900198500001900227600002200246650001500268942000700283952012900290999001500419240925s9999 xx 000 0 und d a133344835 a621.317 RAS aRashid, Muhammad H. 0aPower Electronics: circuits, devices and applications a2nd aLondon:bPrentice, Hallc,1993. axviii,702p.bNAfPirated aIncludes Index aPower Engineering aTechnology cBK 011440708ELaUITUbUITUd1998-03-05ePrince Book Depog100.00l0o621.317 RASpQ1562r2024-09-25 07:12:28w2024-09-25yBK c4061d4061